Baseball's exploitation of latin talent /
Tallennettuna:
| Päätekijä: | |
|---|---|
| Muut tekijät: | |
| Aineistotyyppi: | Teksti |
| Aiheet: | |
| Tagit: |
Lisää tagi
Ei tageja, Lisää ensimmäinen tagi!
|
MARC
| LEADER | 00000 a a2200000 04500 | ||
|---|---|---|---|
| 001 | 10001 | ||
| 003 | |||
| 040 | |||
| 100 | |a Marcano, Arturo J. | ||
| 245 | |a Baseball's exploitation of latin talent / |c Arturo J. Marcano ; David P. Fidler | ||
| 650 | |a DEPORTES | ||
| 650 | |a CONDICIONES DE VIDA | ||
| 650 | |a CALIDAD DE LA VIDA | ||
| 650 | |2 Macrothesaurus de la OCDE | ||
| 650 | |a CONDICIONES DE TRABAJO | ||
| 700 | |a Fidler, David P. | ||
| 773 | |g volumen 37, número 5; páginas 14-18 | ||
| 999 | |c 38335 |d 38335 | ||
